Counties of Colorado - Statistics

General Stats
  • This quiz has been taken 157 times
  • The average score is 40 of 64
Answer Stats
Answer % Correct
Alamosa
91%
Arapahoe
85%
Boulder
85%
Adams
82%
Archuleta
79%
Denver
79%
Baca
76%
El Paso
76%
Bent
74%
Gunnison
74%
Jefferson
74%
Delta
71%
Douglas
71%
Eagle
71%
Garfield
71%
Rio Grande
71%
Cheyenne
68%
Costilla
68%
Elbert
68%
Grand
68%
Las Animas
68%
Ouray
68%
Broomfield
65%
Conejos
65%
Dolores
65%
Fremont
65%
Gilpin
65%
Jackson
65%
Kiowa
65%
Larimer
65%
Lincoln
65%
Mesa
65%
Custer
62%
Hinsdale
62%
Huerfano
62%
Moffat
62%
Otero
62%
Park
62%
Kit Carson
59%
Montezuma
59%
Phillips
59%
Pitkin
59%
Rio Blanco
59%
San Juan
59%
Washington
59%
Chaffee
56%
Lake
56%
La Plata
56%
Mineral
56%
Montrose
56%
Morgan
56%
Pueblo
56%
Routt
56%
Yuma
56%
Logan
53%
Clear Creek
50%
Summit
50%
San Miguel
47%
Teller
47%
Weld
47%
Crowley
44%
Prowers
41%
Saguache
41%
Sedgwick
38%
No matching quizzes found
Score Distribution
Percent of People with Each Score
Percentile by Number Answered
Your Score History
You have not taken this quiz